[Event "Bank Lviv-open 2016 (C-Open)"]
[Site "Lviv"]
[Date "2016.03.14"]
[Round "1.1"]
[White "Bortnyk, Olexandr"]
[Black "Rytenko, Vsevolod"]
[Result "1-0"]
[WhiteElo "2707"]
[BlackElo "2168"]
[PlyCount "49"]
[EventDate "2016.03.14"]
[EventType "swiss (blitz)"]
[EventRounds "13"]
[EventCountry "UKR"]

1. e4 c5 2. Nf3 e6 3. c3 d5 4. exd5 Qxd5 5. d4 Nc6 6. Be3 cxd4 7. cxd4 Nf6 8.
Nc3 Qd8 9. a3 Be7 10. Bd3 O-O 11. O-O b6 12. Qe2 Bb7 13. Rad1 h6 14. Bb1 Rc8
15. Rfe1 Na5 16. Ne5 Bxa3 17. d5 exd5 18. Nxd5 Bxd5 19. bxa3 Qc7 20. Rxd5 Nxd5
21. Qd3 Nf6 22. Ng4 Rfd8 23. Nxf6+ gxf6 24. Qh7+ Kf8 25. Bxh6# 1-0

[Event "Bank Lviv-open 2016 (C-Open)"]
[Site "Lviv"]
[Date "2016.03.14"]
[Round "1.2"]
[White "Smolkin, Alexander"]
[Black "Vovk, Yuri"]
[Result "0-1"]
[WhiteElo "2150"]
[BlackElo "2702"]
[PlyCount "56"]
[EventDate "2016.03.14"]
[EventType "swiss (blitz)"]
[EventRounds "13"]
[EventCountry "UKR"]

1. e4 c5 2. c4 Nc6 3. Nc3 e6 4. g3 g6 5. Bg2 Bg7 6. Nge2 Nge7 7. O-O O-O 8. Rb1
d6 9. a3 a5 10. d3 Nd4 11. b4 axb4 12. axb4 Nec6 13. b5 Ne7 14. f4 e5 15. Nxd4
exd4 16. Nd5 Nxd5 17. exd5 Bf5 18. g4 Bd7 19. h3 Re8 20. Qf3 Ra2 21. f5 gxf5
22. gxf5 Ree2 23. Bh1 Be5 24. Qg4+ Kh8 25. Bf4 Qf6 26. Bg3 Re3 27. Rf3 Rxf3 28.
Qxf3 Qg5 0-1

[Event "Bank Lviv-open 2016 (C-Open)"]
[Site "Lviv"]
[Date "2016.03.14"]
[Round "1.3"]
[White "Kuzubov, Yuriy"]
[Black "Stets, Vasilij"]
[Result "1-0"]
[WhiteElo "2676"]
[BlackElo "2138"]
[PlyCount "75"]
[EventDate "2016.03.14"]
[EventType "swiss (blitz)"]
[EventRounds "13"]
[EventCountry "UKR"]

1. d4 Nf6 2. c4 c5 3. d5 b5 4. cxb5 a6 5. b6 d6 6. Nc3 g6 7. e4 Bg7 8. Nf3 O-O
9. Be2 Nbd7 10. a4 a5 11. O-O Qxb6 12. Nd2 Ne5 13. Kh1 Ba6 14. Nb5 Ne8 15. f4
Nd7 16. Nc4 Qd8 17. Bd2 Bb7 18. Qe1 f5 19. Nxa5 Rxa5 20. Bxa5 Qa8 21. exf5 Bxd5
22. Bf3 Bxb2 23. Rb1 Bf6 24. fxg6 hxg6 25. Bc3 Bxf3 26. Rxf3 Qxa4 27. Bxf6
Ndxf6 28. Qxe7 Qc2 29. Rbf1 Rf7 30. Qe6 Kg7 31. Nxd6 Nxd6 32. Qxd6 Rd7 33. Qe5
c4 34. Qc3 Qa2 35. f5 g5 36. Rg3 g4 37. Rxg4+ Kf7 38. Rxc4 1-0

[Event "Bank Lviv-open 2016 (C-Open)"]
[Site "Lviv"]
[Date "2016.03.14"]
[Round "1.4"]
[White "Pugachov, Ilia"]
[Black "Bortnyk, Mykola"]
[Result "0-1"]
[WhiteElo "2130"]
[BlackElo "2646"]
[PlyCount "168"]
[EventDate "2016.03.14"]
[EventType "swiss (blitz)"]
[EventRounds "13"]
[EventCountry "UKR"]

1. d4 Nf6 2. c4 e6 3. g3 d5 4. Bg2 Bb4+ 5. Bd2 Be7 6. Nf3 O-O 7. Qc2 c6 8. O-O
b6 9. Bf4 Ba6 10. Nbd2 Nbd7 11. Rfd1 Nh5 12. Rac1 Nxf4 13. gxf4 Bb7 14. Ne5 f6
15. Nef3 Bd6 16. e3 Qe7 17. Kh1 c5 18. cxd5 exd5 19. dxc5 bxc5 20. Nh4 g6 21.
Qb3 Nb6 22. Nf1 f5 23. Nf3 Kh8 24. a4 d4 25. exd4 cxd4 26. Rxd4 Be4 27. Ne3
Bxf4 28. a5 Nd7 29. Rcd1 Nf6 30. Qc3 Rac8 31. Rc4 Rxc4 32. Qxc4 Qb7 33. Qc5 Rc8
34. Qd4 Kg7 35. Nh4 Bxe3 36. Qxe3 Re8 37. Qc3 Qe7 38. Kg1 Bxg2 39. Nxg2 g5 40.
Ne3 Kg6 41. Qc2 Qe4 42. Qc3 f4 43. Rd6 fxe3 44. Qxf6+ Kh5 45. Qh6+ Kg4 46. h3+
Kf3 47. Qh5+ g4 48. Rf6+ Ke2 49. Qb5+ Ke1 50. fxe3 Qxe3+ 51. Kh1 Qxh3+ 52. Kg1
Qg3+ 53. Kh1 Qh4+ 54. Kg1 Qxf6 55. Qb4+ Kd1 56. Qb3+ Kc1 57. Qc4+ Kxb2 58. Qb4+
Kc2 59. Qa4+ Kd3 60. Qb5+ Kc3 61. Qxe8 Qd4+ 62. Kg2 Qd5+ 63. Kg3 h5 64. Qe1+
Kc4 65. Qc1+ Kb4 66. Qb2+ Kxa5 67. Qa3+ Kb6 68. Qe3+ Qc5 69. Qe6+ Kc7 70. Qf7+
Kc6 71. Qe8+ Kb6 72. Qb8+ Ka6 73. Qf4 Ka5 74. Kh4 a6 75. Qd2+ Kb5 76. Qb2+ Qb4
77. Qe5+ Qc5 78. Qb2+ Kc6 79. Qf6+ Kd7 80. Qxa6 Qf2+ 81. Kxh5 g3 82. Qb5+ Ke6
83. Qc6+ Ke5 84. Qc5+ Qxc5 0-1

[Event "Bank Lviv-open 2016 (C-Open)"]
[Site "Lviv"]
[Date "2016.03.14"]
[Round "1.5"]
[White "Malakhatko, Vadim"]
[Black "Khrinovskyi, Oleksiy"]
[Result "1/2-1/2"]
[WhiteElo "2595"]
[BlackElo "2124"]
[PlyCount "50"]
[EventDate "2016.03.14"]
[EventType "swiss (blitz)"]
[EventRounds "13"]
[EventCountry "UKR"]

1. c4 Nf6 2. Nc3 g6 3. e4 d6 4. d4 Bg7 5. Nf3 O-O 6. Be2 e5 7. O-O Nc6 8. d5
Ne7 9. b4 c6 10. a4 a5 11. bxa5 c5 12. Nd2 Rxa5 13. Nb3 Ra6 14. a5 Nd7 15. Bd2
f5 16. Qc2 Nf6 17. f3 f4 18. Na4 Nd7 19. g4 Bf6 20. Kg2 Kf7 21. Rh1 h5 22. h3
Rh8 23. Rab1 Bh4 24. Bd3 Bg3 25. Rbf1 Ng8 1/2-1/2

[Event "Bank Lviv-open 2016 (C-Open)"]
[Site "Lviv"]
[Date "2016.03.14"]
[Round "1.6"]
[White "Panchyshyn, Taras"]
[Black "Volokitin, Andrei"]
[Result "0-1"]
[WhiteElo "2116"]
[BlackElo "2590"]
[PlyCount "100"]
[EventDate "2016.03.14"]
[EventType "swiss (blitz)"]
[EventRounds "13"]
[EventCountry "UKR"]

1. d4 Nf6 2. c4 g6 3. Nc3 d5 4. cxd5 Nxd5 5. e4 Nxc3 6. bxc3 Bg7 7. Bc4 c5 8.
Ne2 Nc6 9. Be3 O-O 10. O-O Na5 11. Bd3 b6 12. Qd2 Bb7 13. Rac1 e6 14. Rfd1 cxd4
15. cxd4 Rc8 16. Rxc8 Qxc8 17. Rc1 Qa8 18. f3 Rc8 19. Bh6 Rxc1+ 20. Qxc1 Qd8
21. Bxg7 Kxg7 22. Qc3 Qf6 23. Qc7 h5 24. Qb8 Qg5 25. Kf2 Qd2 26. Qe5+ Kg8 27.
Qb8+ Kg7 28. Qe5+ f6 29. Qc7+ Kh6 30. Bb5 Qb4 31. a4 a6 32. Bd3 Bc6 33. Qf4+
Kg7 34. Qc7+ Kf8 35. Qd8+ Kf7 36. Qc7+ Ke8 37. Qc8+ Ke7 38. Qc7+ Bd7 39. Bxa6
Qd6 40. Qxd6+ Kxd6 41. Nc3 Nc6 42. Ke3 Nb4 43. Bb5 Nc2+ 44. Kd3 Ne1+ 45. Ke2
Nxg2 46. Bxd7 Kxd7 47. d5 Nf4+ 48. Ke3 g5 49. dxe6+ Kxe6 50. Nd5 Nxd5+ 0-1

[Event "Bank Lviv-open 2016 (C-Open)"]
[Site "Lviv"]
[Date "2016.03.14"]
[Round "2.2"]
[White "Vovk, Yuri"]
[Black "Mikhalsky, Vladimir"]
[Result "1-0"]
[WhiteElo "2702"]
[BlackElo "2350"]
[PlyCount "71"]
[EventDate "2016.03.14"]
[EventType "swiss (blitz)"]
[EventRounds "13"]
[EventCountry "UKR"]

1. d4 Nf6 2. c4 g6 3. Nc3 Bg7 4. e4 d6 5. f3 O-O 6. Nge2 Nc6 7. Be3 a6 8. Qd2
Re8 9. Rc1 Bd7 10. d5 Ne5 11. Ng3 e6 12. Be2 h5 13. O-O h4 14. Nh1 c5 15. Bg5
Qa5 16. Bxh4 exd5 17. cxd5 b5 18. b3 c4 19. bxc4 bxc4 20. Nf2 Rac8 21. Nb1 Qb6
22. Kh1 Nh5 23. f4 Bh6 24. Bxh5 gxh5 25. Bf6 Ng6 26. Bd4 Qb7 27. Be3 Rb8 28. f5
Bxe3 29. Qxe3 Bxf5 30. Nc3 Qb2 31. Nfd1 Qa3 32. Rxf5 Qa5 33. Rxh5 Qd8 34. Nf2
Rb2 35. Ng4 f5 36. Qh6 1-0

[Event "Bank Lviv-open 2016 (C-Open)"]
[Site "Lviv"]
[Date "2016.03.14"]
[Round "2.3"]
[White "Alexikov, Alexander"]
[Black "Kuzubov, Yuriy"]
[Result "0-1"]
[WhiteElo "2363"]
[BlackElo "2676"]
[PlyCount "68"]
[EventDate "2016.03.14"]
[EventType "swiss (blitz)"]
[EventRounds "13"]
[EventCountry "UKR"]

1. Nf3 Nf6 2. e3 g6 3. b3 Bg7 4. Bb2 O-O 5. Be2 d6 6. O-O e5 7. d3 Nbd7 8. Nbd2
Re8 9. c4 c6 10. Rc1 a5 11. a3 Nf8 12. Rc2 b6 13. Qa1 h6 14. Rd1 g5 15. Nf1 Ng6
16. Ng3 Nh7 17. Nd2 f5 18. Bh5 Nhf8 19. e4 f4 20. Nf5 c5 21. Qb1 Qf6 22. Nxg7
Qxg7 23. h3 Nh7 24. f3 Nf6 25. Bg4 h5 26. Bxc8 Rexc8 27. Nf1 g4 28. hxg4 hxg4
29. fxg4 Nxg4 30. b4 Kf7 31. bxc5 Rh8 32. g3 Qh6 33. Nh2 Nxh2 34. Bc1 Ng4 0-1

[Event "Bank Lviv-open 2016 (C-Open)"]
[Site "Lviv"]
[Date "2016.03.14"]
[Round "2.4"]
[White "Bortnyk, Mykola"]
[Black "Voitovich, Vladislav"]
[Result "1-0"]
[WhiteElo "2646"]
[BlackElo "2333"]
[PlyCount "135"]
[EventDate "2016.03.14"]
[EventType "swiss (blitz)"]
[EventRounds "13"]
[EventCountry "UKR"]

1. Nf3 Nf6 2. d4 e6 3. c4 Bb4+ 4. Bd2 Bxd2+ 5. Qxd2 O-O 6. g3 d5 7. cxd5 Nxd5
8. e4 Nf6 9. Nc3 b6 10. Rd1 Bb7 11. Qf4 Nbd7 12. Bg2 Nh5 13. Qe3 Nhf6 14. O-O
Qe7 15. h3 c5 16. Rfe1 Rfd8 17. d5 exd5 18. exd5 Qxe3 19. fxe3 a6 20. e4 Nf8
21. g4 Ng6 22. g5 Nd7 23. e5 b5 24. e6 fxe6 25. dxe6 Nb6 26. Rxd8+ Rxd8 27. Ne4
Bxe4 28. Rxe4 Nc4 29. b3 Nd6 30. Re1 Nf4 31. Ne5 Nxg2 32. Kxg2 Re8 33. Nc6 c4
34. e7 cxb3 35. axb3 Nf5 36. Re5 g6 37. Re6 Kf7 38. Nd8+ Kg7 39. Rxa6 Rxe7 40.
b4 Re2+ 41. Kf3 Rb2 42. Ra7+ Kf8 43. Ne6+ Ke8 44. Nc7+ Kd8 45. Nd5 Rd2 46. Ra8+
Kd7 47. Nf6+ Ke6 48. Re8+ Kf7 49. Rb8 Rd3+ 50. Kf2 Rxh3 51. Rxb5 Rb3 52. Rb7+
Ke6 53. Ne4 Ke5 54. Nc5 Rb2+ 55. Ke1 Kd4 56. Kd1 Kc4 57. Rc7 Rxb4 58. Na6+ Kb5
59. Nxb4 Kxb4 60. Rxh7 Kc5 61. Rh6 Ne7 62. Ke2 Kd5 63. Kf3 Ke5 64. Kg4 Ke6 65.
Rh1 Kf7 66. Kf4 Nd5+ 67. Ke5 Ne7 68. Rh7+ 1-0

[Event "Bank Lviv-open 2016 (C-Open)"]
[Site "Lviv"]
[Date "2016.03.14"]
[Round "2.5"]
[White "Volokitin, Andrei"]
[Black "Vetoshko, Volodymyr"]
[Result "1-0"]
[WhiteElo "2590"]
[BlackElo "2305"]
[PlyCount "83"]
[EventDate "2016.03.14"]
[EventType "swiss (blitz)"]
[EventRounds "13"]
[EventCountry "UKR"]

1. e4 c5 2. Nf3 e6 3. d4 cxd4 4. Nxd4 a6 5. Bd3 Bc5 6. Nb3 Ba7 7. Qe2 Nc6 8.
Be3 d6 9. O-O Nf6 10. c4 Bxe3 11. Qxe3 e5 12. Nc3 O-O 13. Rfd1 Qe7 14. Be2 Be6
15. Rd2 Rfd8 16. Rad1 Rac8 17. Na4 b5 18. cxb5 Bxb3 19. axb3 axb5 20. Bxb5 Nd4
21. Bc4 Qb7 22. Nc3 h6 23. Nd5 Nxd5 24. Bxd5 Qc7 25. h4 Rb8 26. Rd3 Rbc8 27.
Rc3 Qe7 28. Rdc1 Rxc3 29. bxc3 Nb5 30. g3 Rc8 31. Qd3 Nc7 32. c4 Nb5 33. Ra1
Nd4 34. b4 Rc7 35. b5 Ra7 36. Ra6 Rxa6 37. bxa6 Qa7 38. Qa3 Nf3+ 39. Kg2 Ne1+
40. Kf1 Nc2 41. Qxd6 Qd4 42. Bxf7+ 1-0

[Event "Bank Lviv-open 2016 (C-Open)"]
[Site "Lviv"]
[Date "2016.03.14"]
[Round "2.6"]
[White "Vorontsov, Pavlo"]
[Black "Stupak, Kirill"]
[Result "1-0"]
[WhiteElo "2327"]
[BlackElo "2564"]
[PlyCount "115"]
[EventDate "2016.03.14"]
[EventType "swiss (blitz)"]
[EventRounds "13"]
[EventCountry "UKR"]

1. Nf3 g6 2. g3 Bg7 3. Bg2 d5 4. O-O e5 5. d3 Nc6 6. e4 Nge7 7. Nc3 dxe4 8.
dxe4 Bg4 9. Nd5 Nxd5 10. exd5 Nd4 11. c3 e4 12. cxd4 O-O 13. Qb3 exf3 14. Bxf3
Bxf3 15. Qxf3 Qd7 16. Bf4 Bxd4 17. Rfd1 Bg7 18. Rac1 Rac8 19. b3 Rfe8 20. Rc4
Qf5 21. Kg2 h6 22. Bxc7 Qd7 23. d6 b6 24. Re4 Rxe4 25. Qxe4 Bf6 26. Re1 Kg7 27.
Qa4 Rxc7 28. dxc7 Qxc7 29. Qe4 h5 30. h4 Qc5 31. Re2 a5 32. Qc4 Qf5 33. Qe4 Qc5
34. Rc2 Qb5 35. Qc6 Qf5 36. Re2 Bd4 37. Qe4 Qf6 38. Qf3 Qd6 39. Rd2 Qc5 40. Rd3
Bf6 41. Qf4 Qc6+ 42. Rf3 Qe6 43. Qc4 Qd6 44. Rd3 Qe5 45. Qd5 Qb2 46. a4 Qc2 47.
Qf3 Qc5 48. Rd5 Qc6 49. Rb5 Qe6 50. Rd5 Be7 51. Rd3 Bf6 52. Qd5 Qe1 53. Rf3 Qa1
54. Rf4 Qc3 55. Qf3 Qb2 56. Rc4 Bd4 57. Rc7 Bf6 58. Qd5 1-0

[Event "Bank Lviv-open 2016 (C-Open)"]
[Site "Lviv"]
[Date "2016.03.14"]
[Round "3.1"]
[White "Bortnyk, Olexandr"]
[Black "Borisenko, Viacheslav"]
[Result "1-0"]
[WhiteElo "2707"]
[BlackElo "2435"]
[PlyCount "75"]
[EventDate "2016.03.14"]
[EventType "swiss (blitz)"]
[EventRounds "13"]
[EventCountry "UKR"]

1. d4 d5 2. Nc3 g6 3. Bf4 Bg7 4. e3 Nf6 5. h4 h5 6. Nf3 c5 7. Nb5 Na6 8. c3 O-O
9. Be2 Bd7 10. a4 c4 11. Ne5 Ne8 12. g4 hxg4 13. h5 g5 14. Bxg5 f6 15. Nxd7
Qxd7 16. Bxg4 e6 17. Bf4 f5 18. Bf3 Kh8 19. h6 Bf6 20. h7 Nb8 21. Nxa7 Nc6 22.
Nxc6 bxc6 23. Ke2 Qb7 24. Qc2 Ng7 25. Rh6 Ne8 26. Rg1 Rb8 27. Bxb8 Qxb8 28.
Rgg6 Bg7 29. Rh1 Rf6 30. Rxf6 Nxf6 31. a5 Qb5 32. Ra1 Qa6 33. Qa4 Bf8 34. Rg1
Kxh7 35. Qa1 Bg7 36. Qa3 c5 37. Qxc5 Qa8 38. Qe7 1-0

[Event "Bank Lviv-open 2016 (C-Open)"]
[Site "Lviv"]
[Date "2016.03.14"]
[Round "3.2"]
[White "Mischuk, Dmitry"]
[Black "Vovk, Yuri"]
[Result "0-1"]
[WhiteElo "2406"]
[BlackElo "2702"]
[PlyCount "98"]
[EventDate "2016.03.14"]
[EventType "swiss (blitz)"]
[EventRounds "13"]
[EventCountry "UKR"]

1. d4 Nf6 2. c4 e6 3. g3 d5 4. Nf3 Be7 5. Bg2 O-O 6. O-O dxc4 7. Qc2 a6 8. a4
Bd7 9. Qxc4 Bc6 10. Bg5 Nbd7 11. a5 Bd5 12. Qc2 c5 13. Bxf6 Nxf6 14. dxc5 Be4
15. Qc1 Rc8 16. b4 Nd5 17. Qa3 Bf6 18. Ra2 Bxb1 19. Rxb1 Nc3 20. Rab2 Nb5 21.
Qb3 Bxb2 22. Qxb2 Qe7 23. Ne5 f6 24. Nc4 Rfd8 25. e3 Kh8 26. Rc1 Rc7 27. Nb6 f5
28. h4 Qf6 29. Qe2 g6 30. Bf3 Kg7 31. Qf1 Qb2 32. Rd1 Qf6 33. Rc1 h6 34. Qe2
Na7 35. Nc4 Nc8 36. Qc2 e5 37. Be2 e4 38. Kg2 Rcd7 39. Qb3 g5 40. hxg5 hxg5 41.
Rh1 Rh8 42. Rxh8 Kxh8 43. b5 Rh7 44. Kf1 Qa1+ 45. Bd1 axb5 46. Nd6 Nxd6 47.
cxd6 Rh1+ 48. Ke2 Qxa5 49. d7 Qd8 0-1

[Event "Bank Lviv-open 2016 (C-Open)"]
[Site "Lviv"]
[Date "2016.03.14"]
[Round "3.3"]
[White "Kuzubov, Yuriy"]
[Black "Shkuran, Daniil"]
[Result "0-1"]
[WhiteElo "2676"]
[BlackElo "2429"]
[PlyCount "62"]
[EventDate "2016.03.14"]
[EventType "swiss (blitz)"]
[EventRounds "13"]
[EventCountry "UKR"]

1. d4 d5 2. c4 c6 3. Nf3 Nf6 4. Nc3 dxc4 5. a4 e6 6. e4 Bb4 7. e5 Nd5 8. Bd2
Qa5 9. Bxc4 Nxc3 10. bxc3 Bxc3 11. O-O O-O 12. Ra3 Bb4 13. Bd3 h6 14. Qe2 Bxd2
15. Nxd2 Qd5 16. Nf3 Rd8 17. Be4 Qa5 18. Bb1 Nd7 19. Nd2 Nf8 20. Nc4 Qb4 21.
Rg3 Rxd4 22. Nd6 Rxd6 23. exd6 Qxd6 24. Rd1 Qe7 25. Qe5 f6 26. Qe3 Kh8 27. Rd4
Bd7 28. Rh4 f5 29. Rd4 e5 30. Rd1 f4 31. Rxd7 Qxd7 0-1

[Event "Bank Lviv-open 2016 (C-Open)"]
[Site "Lviv"]
[Date "2016.03.14"]
[Round "3.4"]
[White "Shevchenko, Kirill"]
[Black "Bortnyk, Mykola"]
[Result "0-1"]
[WhiteElo "2395"]
[BlackElo "2646"]
[PlyCount "132"]
[EventDate "2016.03.14"]
[EventType "swiss (blitz)"]
[EventRounds "13"]
[EventCountry "UKR"]

1. e4 Nf6 2. e5 Nd5 3. c4 Nb6 4. d4 d6 5. exd6 exd6 6. Nc3 Be7 7. Bd3 O-O 8.
Nge2 Nc6 9. O-O Re8 10. b3 Bg4 11. Be3 Bg5 12. Qd2 Bxe3 13. fxe3 Qg5 14. Nf4
Ne7 15. Rae1 Ng6 16. Qf2 Nxf4 17. Qxf4 Qxf4 18. exf4 c6 19. Kf2 Kf8 20. h3 Be6
21. Re2 g6 22. Ne4 Bf5 23. g4 Bxe4 24. Rxe4 Rxe4 25. Bxe4 d5 26. cxd5 cxd5 27.
Bd3 Rc8 28. Ke3 Ke7 29. Kd2 Kd6 30. h4 Nd7 31. g5 f5 32. h5 Nf8 33. hxg6 hxg6
34. Ke3 Re8+ 35. Kd2 Ne6 36. Kc3 Rc8+ 37. Kd2 Nxd4 38. Rh1 Ne6 39. Rh6 Nxf4 40.
Bxf5 Rg8 41. Bb1 Rg7 42. Rh8 Ke5 43. Rf8 Ne6 44. Rf6 Nxg5 45. Rxg6 Rxg6 46.
Bxg6 Kd4 47. Bf5 Ne4+ 48. Kc2 Ke3 49. Be6 d4 50. Bc4 Nf2 51. b4 d3+ 52. Kc3
Ne4+ 53. Kb2 d2 54. Bb3 Ke2 55. a4 d1=Q 56. Bxd1+ Kxd1 57. Kb3 Nd6 58. Kc3 Kc1
59. a5 Kb1 60. Kd4 Kb2 61. Kc5 Kb3 62. b5 Nc8 63. a6 b6+ 64. Kc6 Kb4 65. Kc7
Kxb5 66. Kb7 Ka5 0-1

[Event "Bank Lviv-open 2016 (C-Open)"]
[Site "Lviv"]
[Date "2016.03.14"]
[Round "3.5"]
[White "Neverov, Valeriy"]
[Black "Volokitin, Andrei"]
[Result "0-1"]
[WhiteElo "2391"]
[BlackElo "2590"]
[PlyCount "52"]
[EventDate "2016.03.14"]
[EventType "swiss (blitz)"]
[EventRounds "13"]
[EventCountry "UKR"]

1. Nf3 c5 2. g3 Nc6 3. Bg2 g6 4. O-O Bg7 5. c3 e5 6. e4 Nge7 7. d3 O-O 8. Nbd2
d6 9. a3 a5 10. Nc4 a4 11. d4 exd4 12. cxd4 cxd4 13. Bf4 d5 14. exd5 Nxd5 15.
Bd6 Re8 16. Nxd4 Nxd4 17. Bxd5 Bh3 18. Bxb7 Ra7 19. Bg2 Bxg2 20. Kxg2 Qc8 21.
Rc1 Qc6+ 22. f3 Rd7 23. Qd3 Nf5 24. Rfe1 Rxe1 25. Rxe1 Nxd6 26. Nxd6 Rxd6 0-1

[Event "Bank Lviv-open 2016 (C-Open)"]
[Site "Lviv"]
[Date "2016.03.14"]
[Round "3.6"]
[White "Grebeniuk, Semen"]
[Black "Kovalev, Vladislav"]
[Result "0-1"]
[WhiteElo "2382"]
[BlackElo "2561"]
[PlyCount "106"]
[EventDate "2016.03.14"]
[EventType "swiss (blitz)"]
[EventRounds "13"]
[EventCountry "UKR"]

1. d4 Nf6 2. Nf3 g6 3. Bg5 Bg7 4. Nbd2 d5 5. e3 O-O 6. Be2 c5 7. c3 Nc6 8. O-O
Qb6 9. Qb3 c4 10. Qxb6 axb6 11. a3 b5 12. Rfe1 Bf5 13. Ne5 Rfe8 14. Bf4 Nd7 15.
Nxd7 Bxd7 16. Bf3 e5 17. dxe5 Be6 18. e4 d4 19. cxd4 Nxd4 20. Bd1 h6 21. Nf3
Nc6 22. Bc2 g5 23. Bg3 Bg4 24. Bd1 b4 25. Be2 b5 26. axb4 Nxb4 27. h3 Bxf3 28.
Bxf3 Nd3 29. Rxa8 Rxa8 30. Re2 Nxe5 31. Bxe5 Ra1+ 32. Kh2 Bxe5+ 33. g3 Rb1 34.
Rd2 Bxb2 35. e5 Bxe5 36. Rd8+ Kg7 37. Be4 Rb2 38. Kg2 c3 39. Kf3 b4 40. Rc8 Bd4
41. Kg4 Rxf2 42. Rc7 b3 43. Bd5 b2 44. Be4 Re2 45. Bf5 Re5 46. Bd3 Re3 47. Bf5
Re2 48. h4 Rf2 49. Bd3 gxh4 50. gxh4 Rd2 51. Bf5 Rf2 52. Bd3 c2 53. Rxc2 b1=Q
0-1

[Event "Bank Lviv-open 2016 (C-Open)"]
[Site "Lviv"]
[Date "2016.03.14"]
[Round "4.1"]
[White "Budnikov, Oleg"]
[Black "Bortnyk, Olexandr"]
[Result "0-1"]
[WhiteElo "2445"]
[BlackElo "2707"]
[PlyCount "104"]
[EventDate "2016.03.14"]
[EventType "swiss (blitz)"]
[EventRounds "13"]
[EventCountry "UKR"]

1. Nf3 b6 2. g3 Bb7 3. Bg2 g6 4. O-O Bg7 5. d3 d6 6. e4 Nf6 7. Nbd2 O-O 8. c3
c5 9. Re1 Nfd7 10. Nf1 Nc6 11. h4 Nde5 12. Nxe5 dxe5 13. Qe2 Ba6 14. Rd1 e6 15.
Ne3 Qc7 16. h5 Rad8 17. hxg6 hxg6 18. Ng4 c4 19. Nh6+ Kh7 20. Qg4 Bxh6 21. Qh4
Rh8 22. Bxh6 Kg8 23. dxc4 Rxd1+ 24. Rxd1 Bxc4 25. b3 Be2 26. Rd2 Ba6 27. Qg5
Ne7 28. Qe3 f6 29. Rd1 Kf7 30. Qd2 g5 31. Bxg5 fxg5 32. Qxg5 Qxc3 33. Qg4 Rh6
34. Qg5 Rh7 35. Rc1 Qb2 36. Bf3 Be2 37. Kg2 Bxf3+ 38. Kxf3 Rh2 39. Rf1 Nc6 40.
Qc1 Rxf2+ 41. Kg4 Qxc1 42. Rxc1 Nd4 43. Rc7+ Kf6 44. Rxa7 Re2 45. Rb7 Rxe4+ 46.
Kh3 Re2 47. a4 Nxb3 48. Rxb6 Nd4 49. a5 Ra2 50. a6 e4 51. Rb4 Ke5 52. Rb6 e3
0-1

[Event "Bank Lviv-open 2016 (C-Open)"]
[Site "Lviv"]
[Date "2016.03.14"]
[Round "4.2"]
[White "Vovk, Yuri"]
[Black "Sumets, Andrey"]
[Result "1/2-1/2"]
[WhiteElo "2702"]
[BlackElo "2527"]
[PlyCount "23"]
[EventDate "2016.03.14"]
[EventType "swiss (blitz)"]
[EventRounds "13"]
[EventCountry "UKR"]

1. d4 d5 2. c4 c6 3. cxd5 cxd5 4. Nc3 Nf6 5. Bf4 Nc6 6. e3 Bf5 7. Bd3 Bxd3 8.
Qxd3 e6 9. Nf3 Bd6 10. Bxd6 Qxd6 11. O-O O-O 12. Rac1 1/2-1/2

[Event "Bank Lviv-open 2016 (C-Open)"]
[Site "Lviv"]
[Date "2016.03.14"]
[Round "4.3"]
[White "Bortnyk, Mykola"]
[Black "Petursson, Margeir"]
[Result "1-0"]
[WhiteElo "2646"]
[BlackElo "2457"]
[PlyCount "51"]
[EventDate "2016.03.14"]
[EventType "swiss (blitz)"]
[EventRounds "13"]
[EventCountry "UKR"]

1. e4 c5 2. c3 d5 3. exd5 Qxd5 4. d4 Nf6 5. Be3 Ng4 6. Nf3 e6 7. Bd3 Nc6 8. O-O
Be7 9. Nbd2 cxd4 10. cxd4 O-O 11. a3 Qh5 12. Ne4 b6 13. Ng3 Nxe3 14. fxe3 Qh6
15. Qe2 Bb7 16. Rad1 Rad8 17. b4 Bd6 18. Be4 f5 19. Bb1 Ne7 20. Ne5 Nd5 21.
Rde1 Nc3 22. Qc4 Nxb1 23. Nxf5 Rxf5 24. Rxf5 Nd2 25. Qc2 exf5 26. Qa2+ 1-0

[Event "Bank Lviv-open 2016 (C-Open)"]
[Site "Lviv"]
[Date "2016.03.14"]
[Round "4.4"]
[White "Volokitin, Andrei"]
[Black "Omelja, Artem"]
[Result "1-0"]
[WhiteElo "2590"]
[BlackElo "2446"]
[PlyCount "74"]
[EventDate "2016.03.14"]
[EventType "swiss (blitz)"]
[EventRounds "13"]
[EventCountry "UKR"]

1. e4 e6 2. d4 d5 3. e5 c5 4. c3 Qb6 5. Nf3 Nc6 6. Na3 cxd4 7. cxd4 f6 8. Bd3
Bb4+ 9. Bd2 fxe5 10. dxe5 Nh6 11. O-O Bxd2 12. Qxd2 Nf7 13. Rfe1 O-O 14. Nc2 g6
15. h4 Qc7 16. Qe3 Qe7 17. Ncd4 Bd7 18. g3 Kg7 19. Kg2 Nh6 20. Qg5 Qxg5 21.
hxg5 Ng4 22. Re2 Rac8 23. Nxc6 bxc6 24. Nh4 d4 25. Rf1 c5 26. Kh3 Ne3 27. Rc1
c4 28. Be4 Nd5 29. f4 d3 30. Rd2 Nxf4+ 31. gxf4 Rxf4 32. Re1 Rc5 33. Nf3 h6 34.
gxh6+ Kxh6 35. Kg3 Rf8 36. Rh1+ Kg7 37. Rdh2 Rf7 1-0

[Event "Bank Lviv-open 2016 (C-Open)"]
[Site "Lviv"]
[Date "2016.03.14"]
[Round "4.5"]
[White "Kovalev, Vladislav"]
[Black "Shkuran, Daniil"]
[Result "1/2-1/2"]
[WhiteElo "2561"]
[BlackElo "2429"]
[PlyCount "132"]
[EventDate "2016.03.14"]
[EventType "swiss (blitz)"]
[EventRounds "13"]
[EventCountry "UKR"]

1. d4 d5 2. Nc3 c6 3. e4 dxe4 4. Nxe4 Nd7 5. Ng5 Ngf6 6. Bd3 e6 7. Qe2 Bd6 8.
N1f3 h6 9. Ne4 Nxe4 10. Qxe4 Nf6 11. Qe2 Qc7 12. Ne5 c5 13. Bb5+ Ke7 14. Nc4
cxd4 15. Nxd6 Qxd6 16. a4 Qd5 17. O-O a6 18. Bc4 Qe4 19. Qd2 Rd8 20. Qb4+ Ke8
21. b3 a5 22. Qc5 Nd7 23. Bb5 Qd5 24. Qxd5 exd5 25. Ba3 f6 26. Rfe1+ Kf7 27.
Re7+ Kg8 28. Bd6 Ne5 29. Bc7 Rf8 30. Bxe5 fxe5 31. Rxe5 Bf5 32. Rxd5 Bxc2 33.
Bc4 Kh8 34. Rxd4 Rad8 35. Rxd8 Rxd8 36. h4 Rd2 37. Re1 Kh7 38. h5 Bd3 39. Bf7
Rb2 40. Re8 g5 41. Re7 Kh8 42. Rxb7 Be4 43. Rb6 Kg7 44. Bc4 g4 45. Re6 Ba8 46.
Re7+ Kf6 47. Re3 Kg5 48. Re5+ Kf4 49. Rxa5 Bb7 50. Rb5 Ba8 51. Rb4 Kg5 52. Rb8
Bc6 53. Rc8 Be4 54. Rc5+ Kf4 55. a5 g3 56. fxg3+ Kxg3 57. a6 Rxg2+ 58. Kf1 Ra2
59. Ke1 Kf3 60. Kd1 Ke3 61. Kc1 Rc2+ 62. Kd1 Rd2+ 63. Kc1 Rc2+ 64. Kd1 Rd2+ 65.
Kc1 Rc2+ 66. Kd1 Rb2 1/2-1/2

[Event "Bank Lviv-open 2016 (C-Open)"]
[Site "Lviv"]
[Date "2016.03.14"]
[Round "4.6"]
[White "Sergeev, Vladimir"]
[Black "Gorbunov, Igor"]
[Result "1-0"]
[WhiteElo "2480"]
[BlackElo "2262"]
[PlyCount "105"]
[EventDate "2016.03.14"]
[EventType "swiss (blitz)"]
[EventRounds "13"]
[EventCountry "UKR"]

1. d4 c5 2. d5 f5 3. c4 g6 4. Nc3 Bg7 5. Qc2 Nf6 6. Nf3 d6 7. g3 O-O 8. Bg2 Na6
9. O-O Nc7 10. Rb1 Rb8 11. a4 Na6 12. b3 Nb4 13. Qd2 a6 14. Bb2 Bd7 15. Rfe1 b5
16. axb5 axb5 17. Nxb5 Bxb5 18. cxb5 Ne4 19. Qc1 Bxb2 20. Rxb2 Rxb5 21. Nd2
Nxd2 22. Qxd2 Qd7 23. e4 fxe4 24. Rxe4 Ra5 25. h4 Rf7 26. h5 Qf5 27. hxg6 hxg6
28. Rb1 Ra2 29. Qf4 Rxf2 30. Qxf5 R2xf5 31. Bh3 Nc2 32. Bxf5 gxf5 33. Rh4 Nd4
34. Kg2 Rg7 35. Rbh1 Nxb3 36. Kf2 Nd4 37. Rh6 Kf7 38. Rh8 Nb3 39. Rb8 Nd4 40.
Rhh8 Kf6 41. Rb7 Ke5 42. Re8 Kxd5 43. Rexe7 Rxe7 44. Rxe7 c4 45. Ke3 Ne6 46.
Kd2 Ke5 47. Kc3 d5 48. Re8 f4 49. gxf4+ Kf5 50. Re7 Nxf4 51. Kd4 Ne2+ 52. Rxe2
Kf4 53. Re1 1-0